Multipurpose tree species : (Record no. 2335)

MARC details
000 -LEADER
fixed length control field 00718nam a22002417a 4500
001 - CONTROL NUMBER
control field BD-DhSAU 2335
003 - CONTROL NUMBER IDENTIFIER
control field BD-DhSAU
005 - DATE AND TIME OF LATEST TRANSACTION
control field 20150127151837.0
008 - FIXED-LENGTH DATA ELEMENTS--GENERAL INFORMATION
fixed length control field 150127b2000 ii |||| |||| 000 0 eng d
040 ## - CATALOGING SOURCE
Original cataloging agency BD-DhSAU
082 ## - DEWEY DECIMAL CLASSIFICATION NUMBER
Edition number 22
Classification number 582.16072
Item number SOM
100 ## - MAIN ENTRY--PERSONAL NAME
Personal name Solanki, k. R.
245 ## - TITLE STATEMENT
Title Multipurpose tree species :
Remainder of title research- retrospect and prospect /
Statement of responsibility, etc. k. R. Solanki, A. K. Bisaria and A. K. Handa
260 ## - PUBLICATION, DISTRIBUTION, ETC. (IMPRINT)
Place of publication, distribution, etc. India :
Name of publisher, distributor, etc. Agrobios ,
Date of publication, distribution, etc. 2000.
300 ## - PHYSICAL DESCRIPTION
Extent xi, 337 p. :
Dimensions 22 cm.
504 ## - BIBLIOGRAPHY, ETC. NOTE
Bibliography, etc includes bibliographical references
590 ## - Name of Cataloguer
Name of Cataloger tamanna
650 ## - SUBJECT ADDED ENTRY--TOPICAL TERM
Topical term or geographic name as entry element horticulture
650 ## - SUBJECT ADDED ENTRY--TOPICAL TERM
Topical term or geographic name as entry element Tree species
650 ## - SUBJECT ADDED ENTRY--TOPICAL TERM
Topical term or geographic name as entry element multipurpose trees
700 ## - ADDED ENTRY--PERSONAL NAME
Personal name Bisaria, A. K.
700 ## - ADDED ENTRY--PERSONAL NAME
Personal name Handa, A. K.
942 ## - ADDED ENTRY ELEMENTS (KOHA)
Source of classification or shelving scheme Dewey Decimal Classification
Koha item type Book
Holdings
Withdrawn status Lost status Source of classification or shelving scheme Damaged status Not for loan Home library Branch Name Shelving location Date acquired Total Checkouts Full call number Barcode Date last seen Price effective from Koha item type Collection code
    Dewey Decimal Classification     SAU Library SAU Library General Stacks 29/06/2000   582.16072 SOM 28404 27/01/2015 27/01/2015 Book  
    Dewey Decimal Classification   Not For Loan SAU Library SAU Library Reference 24/05/2015   582.16072 SOM 28403 24/05/2015 24/05/2015 Book Reference